[Event "FIDE Women's Grand Swiss"]
[Site "Samarkand UZB"]
[Date "2025.09.06"]
[Round "3.2"]
[White "Assaubayeva, Bibisara"]
[Black "Fataliyeva, Ulviyya"]
[Result "1/2-1/2"]
[WhiteTitle "GM"]
[BlackTitle "IM"]
[WhiteElo "2505"]
[BlackElo "2385"]
[WhiteFideId "13708694"]
[BlackFideId "13403052"]
[EventDate "2025.09.04"]

1. e4 c5 2. Nf3 e6 3. d4 cxd4 4. Nxd4 Nf6 5. Nc3 Nc6 6. Be2 Bb4 7. O-O Bxc3 8.
bxc3 Nxe4 9. Nxc6 dxc6 10. Bd3 Nc5 11. Qg4 Qf6 12. Bg5 Qxc3 13. Qg3 h6 14. Bf4
Nxd3 15. cxd3 Qf6 16. Be5 Qg5 17. Bxg7 Rg8 18. Bxh6 Qxg3 19. fxg3 b6 20. Rf3 c5
21. Raf1 f5 22. h4 Rg4 23. Bf4 Bb7 24. Re3 Bd5 25. a3 Kf7 26. h5 Rh8 27. h6 Rg6
28. Kf2 Kg8 29. Re5 Rh7 30. Rb1 Rb7 31. a4 Kh7 32. Re2 Rg8 33. Reb2 Rc8 34. a5
Rc6 35. g4 fxg4 36. Kg3 e5 37. Bxe5 Rxh6 38. axb6 axb6 39. Rb5 Re6 40. Bf4 Kg8
41. R1b2 Kf8 42. d4 Bc6 43. dxc5 Bxb5 44. Rxb5 Rc6 45. cxb6 Rbxb6 46. Rxb6 Rxb6
47. Kxg4 Rg6+ 48. Kf3 Rxg2 49. Ke4 1/2-1/2

[Event "FIDE Women's Grand Swiss"]
[Site "Samarkand UZB"]
[Date "2025.09.06"]
[Round "3.3"]
[White "Balabayeva, Xeniya"]
[Black "Lagno, Kateryna"]
[Result "0-1"]
[WhiteTitle "WGM"]
[BlackTitle "GM"]
[WhiteElo "2383"]
[BlackElo "2505"]
[WhiteFideId "13719688"]
[BlackFideId "14109336"]
[EventDate "2025.09.04"]

1. d4 e6 2. c4 Nf6 3. Nc3 Bb4 4. e3 c5 5. Bd3 d5 6. cxd5 exd5 7. Nf3 c4 8. Bb1
O-O 9. O-O Bg4 10. Ne2 Nc6 11. Ne5 Bh5 12. f4 Nxe5 13. fxe5 Ne4 14. Bxe4 dxe4
15. Bd2 Be7 16. Qe1 Bxe2 17. Qxe2 Qd5 18. a4 f6 19. exf6 Bxf6 20. Bb4 Rfe8 21.
Rf2 Bh4 22. g3 Be7 23. Bxe7 Rxe7 24. Raf1 Rc8 25. Qg4 Qe6 26. Qh5 h6 27. Qa5 b6
28. Qc3 Qd6 29. Rf5 a6 30. R1f4 Kh7 31. Qc2 Qc6 32. Re5 Rxe5 33. dxe5 b5 34.
axb5 axb5 35. Rxe4 Qg6 36. e6 b4 37. e7 b3 38. Qg2 c3 39. bxc3 b2 40. Qc2 Re8
41. c4 Rxe7 0-1

[Event "FIDE Women's Grand Swiss"]
[Site "Samarkand UZB"]
[Date "2025.09.06"]
[Round "3.4"]
[White "Song, Yuxin"]
[Black "Vantika, Agrawal"]
[Result "1-0"]
[WhiteTitle "IM"]
[BlackTitle "IM"]
[WhiteElo "2409"]
[BlackElo "2381"]
[WhiteFideId "8614300"]
[BlackFideId "25050389"]
[EventDate "2025.09.04"]

1. e4 e6 2. d4 d5 3. Nd2 c5 4. Ngf3 cxd4 5. exd5 Qxd5 6. Bc4 Qd6 7. Ne4 Qb4+ 8.
Nfd2 Nc6 9. c3 Qb6 10. O-O Nf6 11. Nxf6+ gxf6 12. Re1 Be7 13. Ne4 Rg8 14. Qh5
Bd7 15. Bf4 O-O-O 16. Qxf7 Rdf8 17. Qh5 Qa5 18. Qe2 Re8 19. Rac1 Qf5 20. Bg3 Qg6
21. cxd4 f5 22. Ba6 f4 23. Qb5 bxa6 24. Rxc6+ Bxc6 25. Qxc6+ Kd8 26. Qa8+ Kd7
27. Qb7+ Kd8 28. Rc1 1-0

[Event "FIDE Women's Grand Swiss"]
[Site "Samarkand UZB"]
[Date "2025.09.06"]
[Round "3.5"]
[White "Zhai, Mo"]
[Black "Khamdamova, Afruza"]
[Result "1/2-1/2"]
[WhiteTitle "WGM"]
[BlackTitle "WIM"]
[WhiteElo "2380"]
[BlackElo "2409"]
[WhiteFideId "8600201"]
[BlackFideId "14210444"]
[EventDate "2025.09.04"]

1. Nf3 d5 2. g3 c5 3. Bg2 Nc6 4. d4 e6 5. O-O Nf6 6. c4 dxc4 7. dxc5 Qxd1 8.
Rxd1 Bxc5 9. Nbd2 c3 10. bxc3 O-O 11. Nb3 Be7 12. Nfd4 Bd7 13. Nxc6 Bxc6 14.
Bxc6 bxc6 15. f3 Nd5 16. c4 Nc3 17. Re1 Rab8 18. Bf4 Rb6 19. Kf1 Ba3 20. Bc1 Ra6
21. Bxa3 Rxa3 22. Rec1 Nxa2 23. Nd4 c5 24. Nb5 Ra4 25. Nd6 f5 26. Rcb1 Nc3 27.
Rxa4 Nxa4 28. Rb7 Nb6 29. Rxa7 Rd8 30. Nf7 Rd7 31. Rxd7 Nxd7 32. Nd8 e5 33. Nb7
Kf7 34. Kf2 Nb6 35. Nxc5 1/2-1/2

[Event "FIDE Women's Grand Swiss"]
[Site "Samarkand UZB"]
[Date "2025.09.06"]
[Round "3.6"]
[White "Kamalidenova, Meruert"]
[Black "Wagner, Dinara"]
[Result "0-1"]
[WhiteTitle "IM"]
[BlackTitle "IM"]
[WhiteElo "2349"]
[BlackElo "2400"]
[WhiteFideId "13712802"]
[BlackFideId "24157570"]
[EventDate "2025.09.04"]

1. e4 c5 2. Nf3 Nc6 3. Nc3 e5 4. Bc4 Be7 5. d3 d6 6. Nd5 Nf6 7. c3 O-O 8. Be3
Nxd5 9. Bxd5 Be6 10. Bxe6 fxe6 11. h4 h6 12. Nd2 d5 13. Qg4 Rf6 14. Nf3 d4 15.
Bd2 Qb6 16. b3 c4 17. O-O cxd3 18. cxd4 Raf8 19. d5 exd5 20. exd5 Nd4 21. Nxe5
Ne2+ 22. Kh1 Rxf2 23. Rxf2 Qxf2 24. Qe6+ Kh7 25. Qxe7 Rf6 26. Qd7 Rf5 27. Nf3
Rxf3 28. Qg4 Rf6 29. h5 Ng3+ 30. Kh2 Nf1+ 31. Rxf1 Qxf1 32. d6 Qf5 33. Qd4 Qxh5+
34. Kg1 Qd1+ 35. Kh2 Qh5+ 36. Kg1 Qd1+ 37. Kh2 Rxd6 38. Qxd6 Qxd2 39. Qe5 Qg5
40. Qe4+ Qg6 41. Qd5 h5 42. Kg1 Qb6+ 43. Kf1 Qf6+ 44. Kg1 Qb6+ 45. Kf1 Kh6 46.
Qxd3 Qa6 47. Qxa6+ bxa6 48. Kf2 Kg5 49. Kg3 a5 50. a3 h4+ 51. Kh3 Kh5 52. g3
hxg3 53. Kxg3 Kg5 54. Kf3 Kh4 55. Kf4 g5+ 56. Kf3 Kh3 57. Kf2 g4 58. Kg1 Kg3 59.
Kh1 Kf2 0-1

[Event "FIDE Women's Grand Swiss"]
[Site "Samarkand UZB"]
[Date "2025.09.06"]
[Round "3.7"]
[White "Stefanova, Antoaneta"]
[Black "Ouellet, Maili-Jade"]
[Result "1/2-1/2"]
[WhiteTitle "GM"]
[BlackTitle "WGM"]
[WhiteElo "2395"]
[BlackElo "2348"]
[WhiteFideId "2902257"]
[BlackFideId "2620472"]
[EventDate "2025.09.04"]

1. e4 e5 2. Nf3 Nc6 3. Nc3 Nf6 4. Bb5 Nd4 5. O-O c6 6. Be2 Qc7 7. d3 b5 8. Nxd4
exd4 9. Nb1 d5 10. Bg5 Be7 11. Bf3 Be6 12. exd5 Nxd5 13. Bxd5 Bxd5 14. Bxe7 Qxe7
15. Qg4 Qf6 16. c3 dxc3 17. Nxc3 O-O 18. Nxd5 cxd5 19. Qb4 a6 20. Rfe1 Rfe8 21.
h3 g6 22. Rac1 h5 23. Qd2 Kg7 24. d4 Rac8 25. Rxc8 Rxc8 26. b3 Qc6 27. Qf4 Re8
28. Rxe8 Qxe8 29. Kf1 Qc6 30. g3 Kg8 1/2-1/2

[Event "FIDE Women's Grand Swiss"]
[Site "Samarkand UZB"]
[Date "2025.09.06"]
[Round "3.8"]
[White "Girya, Olga"]
[Black "Karimova, Guldona"]
[Result "1/2-1/2"]
[WhiteTitle "GM"]
[BlackTitle "WIM"]
[WhiteElo "2386"]
[BlackElo "2324"]
[WhiteFideId "4195752"]
[BlackFideId "14210410"]
[EventDate "2025.09.04"]

1. d4 d5 2. c4 c5 3. cxd5 Qxd5 4. Nf3 cxd4 5. Nc3 Qa5 6. Nxd4 Nf6 7. a3 e5 8.
Nb3 Qc7 9. Bg5 Be7 10. Bxf6 Bxf6 11. Nd5 Qd6 12. g3 Bd7 13. Bg2 Bc6 14. Na5 Qd7
15. O-O Bd8 16. Nc4 Qe6 17. f4 exf4 18. gxf4 O-O 19. f5 Qh6 20. e4 Bb5 21. b3
Nc6 22. Rf3 Bxc4 23. bxc4 Ne5 24. Rh3 Qd6 25. Qh5 h6 26. Kh1 Bg5 27. Rg1 g6 28.
Qe2 Rac8 29. Rc3 b5 30. cxb5 Rxc3 1/2-1/2

[Event "FIDE Women's Grand Swiss"]
[Site "Samarkand UZB"]
[Date "2025.09.06"]
[Round "3.9"]
[White "Muzychuk, Mariya"]
[Black "Wafa, Shrook"]
[Result "1-0"]
[WhiteTitle "GM"]
[BlackTitle "WGM"]
[WhiteElo "2484"]
[BlackElo "2202"]
[WhiteFideId "14114550"]
[BlackFideId "10609970"]
[EventDate "2025.09.04"]

1. e4 c5 2. Nf3 d6 3. Bb5+ Bd7 4. Bxd7+ Nxd7 5. O-O Ngf6 6. Qe2 g6 7. b3 Bg7 8.
Bb2 O-O 9. d4 cxd4 10. Nxd4 Rc8 11. c4 a6 12. Nc3 Qa5 13. Rfd1 Rfe8 14. Rac1 Qh5
15. Nf3 Nc5 16. Rc2 Ne6 17. Bc1 b5 18. Nd5 bxc4 19. Rxc4 Rxc4 20. Qxc4 g5 21.
Nxf6+ Bxf6 22. Be3 g4 23. Rd5 Qg6 24. Nd2 Bg5 25. Bxg5 Nxg5 26. Ra5 Nf3+ 27.
gxf3 gxf3+ 28. Kf1 Qh6 29. Nxf3 Qh3+ 30. Ke2 Rc8 31. Qxf7+ Kh8 32. Rh5 1-0

[Event "FIDE Women's Grand Swiss"]
[Site "Samarkand UZB"]
[Date "2025.09.06"]
[Round "3.10"]
[White "Mkrtchian, Lilit"]
[Black "Tan, Zhongyi"]
[Result "0-1"]
[WhiteTitle "IM"]
[BlackTitle "GM"]
[WhiteElo "2393"]
[BlackElo "2531"]
[WhiteFideId "13300601"]
[BlackFideId "8603642"]
[EventDate "2025.09.04"]

1. c4 e6 2. Nf3 d5 3. e3 c5 4. cxd5 exd5 5. d4 a6 6. Bd3 Nf6 7. Nc3 c4 8. Bc2 b5
9. a3 Bb7 10. O-O Bd6 11. Ne5 O-O 12. f4 Ne4 13. Qf3 Nxc3 14. bxc3 Nd7 15. Qh3
Nf6 16. Nd7 h6 17. Nxf8 Qxf8 18. a4 b4 19. cxb4 Bxb4 20. g4 Bc8 21. f5 Bd7 22.
Qg2 Re8 23. h4 Ne4 24. g5 h5 25. Rf4 Qd6 26. Bxe4 Rxe4 27. Rxe4 dxe4 28. f6 g6
29. Ra2 a5 30. Qh2 Qe6 31. Qb8+ Kh7 32. Qg3 c3 33. Qg2 Qc4 34. Rf2 Qd3 35. Qg3
Bxa4 36. Qc7 Qd1+ 37. Kh2 Bb3 0-1

[Event "FIDE Women's Grand Swiss"]
[Site "Samarkand UZB"]
[Date "2025.09.06"]
[Round "3.11"]
[White "Salimova, Nurgyul"]
[Black "Garifullina, Leya"]
[Result "1-0"]
[WhiteTitle "IM"]
[BlackTitle "IM"]
[WhiteElo "2386"]
[BlackElo "2477"]
[WhiteFideId "2915138"]
[BlackFideId "34127035"]
[EventDate "2025.09.04"]

1. d4 Nf6 2. c4 e6 3. Nf3 d5 4. cxd5 exd5 5. Qc2 Bd6 6. Bg5 c6 7. Nc3 Nbd7 8. e3
Nf8 9. Bd3 Ng6 10. O-O-O Bg4 11. h3 Bxf3 12. gxf3 h6 13. Bxg6 hxg5 14. Bd3 Qe7
15. Kb1 Bc7 16. Rdg1 Nh5 17. Rg4 g6 18. Rhg1 Ng7 19. Rxg5 Ne6 20. R5g2 Rxh3 21.
f4 O-O-O 22. Be2 Rh6 23. f5 gxf5 24. Qxf5 Qf6 25. Qxf6 Rxf6 26. Rh1 Kd7 27. Bd3
Rf3 28. Ne2 Re8 29. Rh5 Rf6 30. a3 Bd6 31. Kc1 a5 32. Kd2 b5 33. f4 b4 34. a4
Nc7 35. b3 c5 36. Rg1 cxd4 37. Nxd4 Bc5 38. Bf5+ Kd6 39. Kd3 Na6 40. Rc1 Nc7 41.
Rc2 Na6 42. e4 dxe4+ 43. Bxe4 Bxd4 44. Kxd4 Kd7 45. Rd5+ Ke7 46. Rxa5 Kf8 47. f5
Rh6 48. Rc4 Rd8+ 49. Ke3 Re8 50. Kf4 Rh4+ 51. Kg5 Rhxe4 52. Rxe4 Rxe4 53. Rxa6
Re3 54. Kf6 Kg8 55. Ra8+ Kh7 56. Kxf7 Rxb3 57. Rb8 Rb1 58. f6 b3 59. Rb4 Kh6 60.
Kf8 b2 61. f7 Kh7 62. a5 Kh6 63. Rb6+ Kh5 64. a6 Ra1 65. Rxb2 Rxa6 66. Rh2+ Kg5
67. Rg2+ 1-0

[Event "FIDE Women's Grand Swiss"]
[Site "Samarkand UZB"]
[Date "2025.09.06"]
[Round "3.12"]
[White "Kosteniuk, Alexandra"]
[Black "Gaal, Zsoka"]
[Result "1/2-1/2"]
[WhiteTitle "GM"]
[BlackTitle "WGM"]
[WhiteElo "2472"]
[BlackElo "2388"]
[WhiteFideId "4128125"]
[BlackFideId "777765"]
[EventDate "2025.09.04"]

1. e4 e6 2. d4 d5 3. Nc3 Bb4 4. e5 c5 5. Bd2 Ne7 6. a3 Bxc3 7. Bxc3 b6 8. Bb5+
Bd7 9. Bd3 Nbc6 10. Nf3 Qc7 11. O-O cxd4 12. Nxd4 Nxd4 13. Bxd4 Nc6 14. Qg4 Nxd4
15. Qxd4 O-O 16. Rae1 a6 17. a4 b5 18. Re3 h6 19. Rg3 bxa4 20. Re1 Bb5 21. Qg4
f5 22. exf6 Rxf6 23. Rxe6 Raf8 24. Rxf6 Rxf6 25. Bf5 d4 26. h3 Qf7 27. Be4 Bd7
28. Qd1 Bc6 29. Qxd4 Bxe4 30. Qxe4 Rxf2 31. Qxa4 Re2 32. Qxa6 Rxc2 33. Qa8+ Qf8
34. Qxf8+ Kxf8 35. b3 g5 36. Kf1 Rb2 37. Ke1 Kf7 38. Kd1 Ke6 39. Kc1 Re2 40. b4
Kd5 41. Kd1 Rb2 42. Rg4 Ra2 43. Ke1 Rb2 44. Kf1 Ke5 45. Kg1 Kf5 46. Rc4 h5 47.
Kh2 h4 48. Rc5+ Kf4 49. Rb5 g4 50. hxg4 Kxg4 51. Rb8 h3 52. Rg8+ Kf5 53. Kxh3
Rxb4 54. g4+ Kf6 55. Kh4 Rb1 56. Ra8 Ke5 1/2-1/2

[Event "FIDE Women's Grand Swiss"]
[Site "Samarkand UZB"]
[Date "2025.09.06"]
[Round "3.13"]
[White "Guo, Qi"]
[Black "Dronavalli, Harika"]
[Result "1/2-1/2"]
[WhiteTitle "IM"]
[BlackTitle "GM"]
[WhiteElo "2371"]
[BlackElo "2467"]
[WhiteFideId "8604002"]
[BlackFideId "5015197"]
[EventDate "2025.09.04"]

1. d4 e6 2. c4 f5 3. g3 Nf6 4. Bg2 Be7 5. Nf3 d5 6. O-O Ne4 7. Ne5 Nd7 8. Nxd7
Bxd7 9. Nc3 c6 10. Nxe4 fxe4 11. f3 exf3 12. Bxf3 O-O 13. Bf4 Bg5 14. Bxg5 Qxg5
15. Qc1 Qxc1 16. Raxc1 Rad8 17. Rc3 Rfe8 18. Rd1 Re7 19. Rdd3 Be8 20. cxd5 exd5
21. Re3 Kf8 22. Kf2 Bd7 23. h4 Bf5 24. Rxe7 Kxe7 25. g4 Be6 26. Rb3 Rb8 27. Ra3
Ra8 28. Rb3 Rb8 29. Ra3 Ra8 30. Rb3 Rb8 1/2-1/2

[Event "FIDE Women's Grand Swiss"]
[Site "Samarkand UZB"]
[Date "2025.09.06"]
[Round "3.14"]
[White "Yip, Carissa"]
[Black "Maltsevskaya, Aleksandra"]
[Result "1/2-1/2"]
[WhiteTitle "IM"]
[BlackTitle "IM"]
[WhiteElo "2458"]
[BlackElo "2379"]
[WhiteFideId "2090732"]
[BlackFideId "24174041"]
[EventDate "2025.09.04"]

1. e4 c6 2. d4 d5 3. e5 c5 4. Nf3 cxd4 5. Nxd4 Nc6 6. Nxc6 bxc6 7. Bd3 e6 8. Nd2
a5 9. O-O Ne7 10. Qg4 Ba6 11. c4 h5 12. Qe2 c5 13. Nf3 dxc4 14. Bxc4 Bxc4 15.
Qxc4 Qd5 16. Qc2 Nf5 17. Rd1 Qc6 18. Bg5 Be7 19. Bxe7 Kxe7 20. Qd2 a4 21. Re1
Rhb8 22. Qg5+ Kf8 23. Qxh5 Rxb2 24. Ng5 Nh6 25. Nh7+ Kg8 26. Nf6+ Kf8 27. Qg5
Nf5 28. Qc1 a3 29. Nh7+ Kg8 30. Ng5 Qd5 31. Qc3 Qd2 32. Qf3 Rf8 33. Ne4 Qh6 34.
Qxa3 Rb4 35. Qc3 Rc8 36. Rac1 Ra4 37. Nd6 Nxd6 38. exd6 c4 39. Qd4 Qf6 40. Qd2
Rd8 41. Red1 Ra6 42. Qb4 Rxa2 43. Qb6 Rb2 44. Qc5 Qf5 45. Qd4 Rc2 46. Rxc2 Qxc2
47. h4 e5 48. Qd2 Qxd2 1/2-1/2

[Event "FIDE Women's Grand Swiss"]
[Site "Samarkand UZB"]
[Date "2025.09.06"]
[Round "3.15"]
[White "Efroimski, Marsel"]
[Black "Injac, Teodora"]
[Result "1/2-1/2"]
[WhiteTitle "IM"]
[BlackTitle "IM"]
[WhiteElo "2377"]
[BlackElo "2454"]
[WhiteFideId "2810964"]
[BlackFideId "932400"]
[EventDate "2025.09.04"]

1. e4 e5 2. Nf3 Nc6 3. d4 exd4 4. Nxd4 Nf6 5. Nc3 Bb4 6. Nxc6 bxc6 7. Bd3 d5 8.
exd5 O-O 9. O-O cxd5 10. h3 c6 11. Qf3 Bd6 12. Bg5 h6 13. Bh4 Rb8 14. Rab1 Re8
15. Bxf6 Qxf6 16. Qxf6 gxf6 17. b3 Bd7 18. Ne2 c5 19. Ng3 a5 20. Nf5 Bf8 21. Ne3
Bc6 22. c4 d4 23. Nd5 Kg7 24. Rfe1 Bd6 25. Kf1 Be5 26. g3 Bd7 27. Kg2 Bd6 28.
Rxe8 Rxe8 29. a4 h5 30. h4 Bg4 31. f3 Bd7 32. Kf2 Re5 33. Rb2 Re8 34. Rb1 Bc6
35. Rb2 Rb8 36. Rb1 1/2-1/2

[Event "FIDE Women's Grand Swiss"]
[Site "Samarkand UZB"]
[Date "2025.09.06"]
[Round "3.16"]
[White "Krush, Irina"]
[Black "Lu, Miaoyi"]
[Result "1-0"]
[WhiteTitle "GM"]
[BlackTitle "IM"]
[WhiteElo "2366"]
[BlackElo "2449"]
[WhiteFideId "2012782"]
[BlackFideId "8618020"]
[EventDate "2025.09.04"]

1. d4 Nf6 2. c4 e6 3. Nc3 Bb4 4. Qc2 O-O 5. a3 Bxc3+ 6. Qxc3 d5 7. e3 b6 8. Nf3
Bb7 9. b3 c5 10. dxc5 Ne4 11. Qc2 Nd7 12. cxb6 dxc4 13. bxc4 Ndc5 14. Be2 Bc6
15. O-O Ba4 16. Qa2 Nb3 17. Bb2 Nxa1 18. Qxa1 f6 19. bxa7 e5 20. Qb1 Nc5 21. Bc3
Rxa7 22. Bb4 Qc7 23. Bd3 h6 24. Be4 Rc8 25. Bd5+ Kh8 26. Nh4 Be8 27. Ng6+ Bxg6
28. Qxg6 Qd7 29. Rb1 Ra6 30. Bxc5 Rxc5 31. Be4 f5 32. Qxa6 fxe4 33. Qa8+ Rc8 34.
Qxe4 Qd6 35. h3 Qc5 36. a4 Qa5 37. Qf5 Ra8 38. Rb7 Rg8 39. Re7 Qxa4 40. c5 Qd1+
41. Kh2 Qe1 42. c6 Qc3 43. c7 e4 44. Qxe4 Qc5 45. Qe6 Rf8 46. Qe5 Qxe5+ 47. Rxe5
Rc8 48. Rc5 1-0

[Event "FIDE Women's Grand Swiss"]
[Site "Samarkand UZB"]
[Date "2025.09.06"]
[Round "3.17"]
[White "Tsolakidou, Stavroula"]
[Black "Roebers, Eline"]
[Result "1-0"]
[WhiteTitle "IM"]
[BlackTitle "IM"]
[WhiteElo "2445"]
[BlackElo "2377"]
[WhiteFideId "4264312"]
[BlackFideId "1058401"]
[EventDate "2025.09.04"]

1. Nf3 Nf6 2. c4 g6 3. Nc3 Bg7 4. e4 d6 5. d4 O-O 6. Be2 e5 7. d5 Nbd7 8. Be3
Ng4 9. Bg5 f6 10. Bd2 a5 11. h3 Nh6 12. Qc1 Nf7 13. g4 Nc5 14. Be3 f5 15. Qc2
Nh6 16. gxf5 gxf5 17. Rg1 Kh8 18. O-O-O fxe4 19. Rxg7 Bf5 20. Nxe5 Kxg7 21. Rg1+
Bg6 22. Nxg6 hxg6 23. Bxc5 dxc5 24. Nxe4 Qh4 25. Nxc5 Rf6 26. Ne6+ Kh7 27. f4
Re8 28. Bd3 Nf5 29. Kb1 Rexe6 30. dxe6 Rxe6 31. Bxf5 Re1+ 32. Rxe1 Qxe1+ 33. Qc1
Qxc1+ 34. Kxc1 gxf5 35. c5 1-0

[Event "FIDE Women's Grand Swiss"]
[Site "Samarkand UZB"]
[Date "2025.09.06"]
[Round "3.18"]
[White "Balajayeva, Khanim"]
[Black "Arabidze, Meri"]
[Result "1-0"]
[WhiteTitle "IM"]
[BlackTitle "IM"]
[WhiteElo "2331"]
[BlackElo "2444"]
[WhiteFideId "13406396"]
[BlackFideId "13604040"]
[EventDate "2025.09.04"]

1. e4 d6 2. d4 Nf6 3. Bd3 e5 4. Nf3 exd4 5. Nxd4 g6 6. O-O Bg7 7. Nc3 O-O 8. Bg5
h6 9. Bh4 Nbd7 10. f4 a6 11. Kh1 c5 12. Nf3 Qc7 13. a4 Re8 14. Nd2 b6 15. Qf3
Bb7 16. Rae1 Bc6 17. Bc4 Qb7 18. Qd3 Nf8 19. Bxf6 Bxf6 20. f5 b5 21. axb5 axb5
22. Nxb5 d5 23. exd5 Rxe1 24. Rxe1 Bxb5 25. Bxb5 Rd8 26. Ne4 Bxb2 27. c3 Kg7 28.
Bc6 Qb3 29. f6+ Kh7 30. Rb1 Rb8 31. h3 c4 32. Qd2 Qa3 33. Qf4 Qa7 34. Re1 Ba3
35. Qh4 h5 36. Qf4 Rb2 37. Ra1 Bd6 38. Qc1 Rc2 39. Qd1 Qe3 40. Qxc2 1-0

[Event "FIDE Women's Grand Swiss"]
[Site "Samarkand UZB"]
[Date "2025.09.06"]
[Round "3.19"]
[White "Omonova, Umida"]
[Black "Ushenina, Anna"]
[Result "0-1"]
[WhiteTitle "WIM"]
[BlackTitle "GM"]
[WhiteElo "2252"]
[BlackElo "2409"]
[WhiteFideId "14210363"]
[BlackFideId "14110911"]
[EventDate "2025.09.04"]

1. e4 c6 2. d4 d5 3. exd5 cxd5 4. c3 Nc6 5. Nf3 Qc7 6. Bd3 Bg4 7. Be3 e6 8. Nbd2
Bd6 9. Qa4 Ne7 10. Ne5 Bf5 11. g4 Bxd3 12. Nxd3 h5 13. Qd1 hxg4 14. Qxg4 Rh7 15.
Nf3 Nf5 16. O-O-O O-O-O 17. Kb1 Kb8 18. Rc1 Na5 19. b3 Rc8 20. Rc2 Ka8 21. h4
Rch8 22. c4 dxc4 23. Nb2 c3 24. Na4 Bb4 25. Rhc1 Nc6 26. Nxc3 Bxc3 27. Rxc3 f6
28. Qe4 Qd7 29. Rc5 Nd6 30. Qf4 Rh5 31. d5 Rxd5 32. Qa4 Nf5 33. Rxd5 Qxd5 34.
Bb6 a6 35. Qf4 Qb5 36. Bc5 Rd8 37. Rc4 Rd5 38. Bf8 Qb6 39. Qc1 Qd8 40. Rxc6 Rd1
41. Rc8+ Qxc8 42. Qxd1 Qxf8 43. Qd7 Qe7 44. Qc8+ Ka7 45. h5 Qd6 46. Kb2 Qd5 47.
Qc3 Kb8 48. a4 Qd1 49. Ka3 Qe2 50. Nd2 Qxh5 51. Nc4 Qe8 52. a5 Qc6 53. Qb4 Kc7
54. Qf8 Qd7 55. Ka2 Qe7 56. Qg8 Nd6 57. Nb6 Ne8 58. Qh7 Qc5 59. b4 Qxf2+ 60. Ka3
Qf3+ 61. Ka2 Qg2+ 62. Kb3 Nd6 63. Qg8 Qf3+ 64. Kb2 Qe2+ 65. Kb3 Qd3+ 66. Kb2
Nc4+ 67. Nxc4 Qxc4 68. Qxg7+ Kc6 69. Ka3 Qc3+ 70. Ka4 Qc2+ 71. Ka3 Qd3+ 72. Kb2
f5 73. Qf8 Kd5 74. Qc5+ Ke4 75. Qc7 Qd2+ 76. Ka3 Qd5 77. Qh2 f4 78. Qe2+ Kf5 79.
Qh5+ Kf6 80. Qh6+ Ke5 81. Qh5+ Kd4 82. Qd1+ Ke3 83. Qe1+ Kf3 84. Qf1+ Kg3 85.
Qe1+ Kh3 86. Qf1+ Qg2 87. Qc4 Qf3+ 88. Kb2 Qf2+ 89. Ka3 Kh2 0-1

[Event "FIDE Women's Grand Swiss"]
[Site "Samarkand UZB"]
[Date "2025.09.06"]
[Round "3.20"]
[White "Bulmaga, Irina"]
[Black "Beydullayeva, Govhar"]
[Result "1-0"]
[WhiteTitle "IM"]
[BlackTitle "WGM"]
[WhiteElo "2400"]
[BlackElo "2368"]
[WhiteFideId "13903063"]
[BlackFideId "13413015"]
[EventDate "2025.09.04"]

1. e4 c5 2. Nf3 d6 3. d4 cxd4 4. Nxd4 Nf6 5. Nc3 a6 6. Be3 e5 7. Nb3 Be6 8. f3
h5 9. Nd5 Bxd5 10. exd5 Nbd7 11. Qd2 g6 12. O-O-O Nb6 13. Kb1 Nfxd5 14. Bg5 Be7
15. Bxe7 Qxe7 16. Qa5 Ne3 17. Qxb6 Nxd1 18. Bc4 Rc8 19. Bd5 Qc7 20. Qxc7 Rxc7
21. Rxd1 Ke7 22. Na5 b6 23. Nc4 Rb8 24. a4 b5 25. axb5 axb5 26. Na5 Rb6 27. b4
h4 28. Kb2 f5 29. Kb3 g5 30. c4 h3 31. g4 e4 32. fxe4 fxg4 33. Rg1 Kf6 34. Rxg4
Ra7 35. Rg3 Rh7 36. cxb5 Rxb5 37. Kc4 Rb6 38. b5 Rc7+ 39. Nc6 Rcb7 40. Na5 Rc7+
41. Bc6 Ra7 42. Kb4 1-0

[Event "FIDE Women's Grand Swiss"]
[Site "Samarkand UZB"]
[Date "2025.09.06"]
[Round "3.21"]
[White "Muzychuk, Anna"]
[Black "Khalilova, Madinabonu"]
[Result "1/2-1/2"]
[WhiteTitle "GM"]
[BlackTitle "WCM"]
[WhiteElo "2535"]
[BlackElo "2148"]
[WhiteFideId "14111330"]
[BlackFideId "14223422"]
[EventDate "2025.09.04"]

1. e4 c5 2. Nf3 Nc6 3. Bb5 g6 4. O-O Bg7 5. Re1 e5 6. Bxc6 dxc6 7. a4 Qe7 8. Na3
Nh6 9. Nc4 O-O 10. d3 f6 11. a5 Be6 12. Be3 Ng4 13. Bd2 Nh6 14. h3 Rae8 15. Ra4
Nf7 16. b3 Qc7 17. Qa1 Rb8 18. Qa3 b5 19. axb6 axb6 20. Be3 Rfe8 21. Ra1 Bf8 22.
Ra7 Qd8 23. Qc1 Re7 24. R1a6 Rxa7 25. Rxa7 b5 26. Ncd2 Ra8 27. Qa1 Rxa7 28. Qxa7
Qe7 29. Qa8 Qd6 30. Kh1 Kg7 31. Ng1 Be7 32. Ne2 Qd7 33. Qa6 Qc7 34. Kg1 Bd6 35.
Qa1 Nd8 36. Qc3 Nb7 37. Qa1 Nd8 38. Qf1 Bc8 39. f4 Ne6 40. fxe5 Bxe5 41. Nf3 Bd6
42. Qc1 Bd7 43. Kf2 Kf7 44. h4 Ng7 45. Bf4 Bxf4 46. Nxf4 Ne6 47. Nxe6 Bxe6 48.
Qh6 Kg8 49. h5 Bf7 50. Qe3 Qe7 51. h6 c4 52. bxc4 bxc4 53. d4 g5 54. e5 g4 55.
Nh4 fxe5 56. Kg3 e4 57. Nf5 Qf6 58. Qxe4 Qe6 59. Ne7+ Kf8 60. Qxe6 Bxe6 61. Nxc6
c3 62. Kf4 Bd5 63. Ne5 Bxg2 64. Nxg4 Kf7 65. Ke5 Bh3 66. Ne3 Kg6 67. d5 Kxh6 68.
Kf6 Bc8 69. d6 Kh5 70. Nd5 Kg4 71. Nxc3 Kf3 72. Ke5 h5 73. Ne4 h4 74. c4 Ke3 75.
Ng5 Bd7 76. c5 Bc6 77. Nh3 Kd3 78. Ng5 Kc4 79. Nf3 h3 80. d7 Bxd7 81. Kd6 Ba4
82. Nh2 1/2-1/2

[Event "FIDE Women's Grand Swiss"]
[Site "Samarkand UZB"]
[Date "2025.09.06"]
[Round "3.22"]
[White "Shuvalova, Polina"]
[Black "Narva, Mai"]
[Result "1/2-1/2"]
[WhiteTitle "IM"]
[BlackTitle "IM"]
[WhiteElo "2492"]
[BlackElo "2386"]
[WhiteFideId "24171760"]
[BlackFideId "4500512"]
[EventDate "2025.09.04"]

1. e4 c5 2. Nf3 d6 3. Bb5+ Bd7 4. c4 Nf6 5. Nc3 g6 6. d4 cxd4 7. Nxd4 Bg7 8. Be3
a6 9. Bxd7+ Nbxd7 10. Rc1 Rc8 11. b3 Qa5 12. O-O O-O 13. Qe2 e6 14. Bd2 Qh5 15.
Qxh5 Nxh5 16. Be3 Rfe8 17. Rfd1 f5 18. f3 Nhf6 19. Nde2 Rc6 20. Bf4 Ne5 21. c5
Nh5 22. cxd6 Rd8 23. Be3 Rcxd6 24. Rxd6 Rxd6 25. exf5 exf5 26. Na4 Rd3 27. Rc8+
Kf7 28. Kf2 Nf6 29. Bf4 Nd5 30. Nc5 Rd1 31. Rb8 Nxf4 32. Rxb7+ Kg8 33. Nxf4 Bh6
34. Kg3 Rd2 35. a4 Bf8 36. Nfe6 Bd6 37. f4 Ng4 38. h3 Ne3 39. Rg7+ Kh8 40. Rd7
h6 41. Kf3 Nf1 42. g4 fxg4+ 43. hxg4 Bxc5 44. Nxc5 Rxd7 45. Nxd7 Nd2+ 46. Ke3
Nxb3 47. f5 gxf5 48. gxf5 Kg7 49. Ke4 Kf7 50. Ne5+ 1/2-1/2